| 000 | 00685nam a2200193 a 4500 | ||
|---|---|---|---|
| 001 | 000029164 | ||
| 005 | 20200930055353.0 | ||
| 008 | 110413s1991 dr a 000 0 spa d | ||
| 040 |
_aDO-SdBNP _bspa _cBNPHU |
||
| 082 |
_axxxx _bP349s |
||
| 100 | 1 |
_aPeña, Porfirio Antonio, _d1959- _956076 |
|
| 245 | 1 | 0 |
_aSol del puerto / _cPorfirio Antonio Peña ; prólogo Antonio Colón. |
| 260 |
_aSanto Domingo : _bEditora N y M, _c1991. |
||
| 300 |
_a31 p. : _bil. ; _c21 cm. |
||
| 500 | _aIncluye datos biograficos del autor en la contracubierta | ||
| 590 | _aPerteneció a la biblioteca personal de Juan Isidro Jimenes Grullón. | ||
| 700 | 1 |
_aColón, Antonio, _epról. _956077 |
|
| 049 | _aBNPD | ||
| 999 |
_c28656 _d28656 |
||